Catálogo público

Diagrama de flujo de procesos agroindustraiales / (Record no. 173360)

MARC details
000 -CABECERA
campo de control de longitud fija 00737nam a2200253Ia 4500
001 - NÚMERO DE CONTROL
campo de control dia_2862
003 - IDENTIFICADOR DEL NÚMERO DE CONTROL
campo de control CHAP
005 - FECHA Y HORA DE LA ÚLTIMA TRANSACCIÓN
campo de control 20260223121544.0
008 - DATOS DE LONGITUD FIJA--INFORMACIÓN GENERAL
campo de control de longitud fija 220117s1977 xx 000 0 und d
010 ## - NÚMERO DE CONTROL DE LA BIBLIOTECA DEL CONGRESO
Número de control de LC 173360
040 ## - FUENTE DE LA CATALOGACIÓN
Centro/agencia transcriptor CHAP
082 ## - NÚMERO DE LA CLASIFICACIÓN DECIMAL DEWEY
Número de clasificación 664.8 m6
100 1# - ENTRADA PRINCIPAL--NOMBRE DE PERSONA
Nombre de persona Moctezuma López, Georgel
9 (RLIN) 76402
245 ## - MENCIÓN DE TÍTULO
Título Diagrama de flujo de procesos agroindustraiales /
Mención de responsabilidad, etc. Georgel Moctezuma López
260 ## - PUBLICACIÓN, DISTRIBUCIÓN, ETC.
Lugar de publicación, distribución, etc. Chapingo, México , Patena
Fecha de publicación, distribución, etc. 1977
300 ## - DESCRIPCIÓN FÍSICA
Extensión 50 p.
500 ## - NOTA GENERAL
Nota general D.
650 ## - PUNTO DE ACCESO ADICIONAL DE MATERIA--TÉRMINO DE MATERIA
Término de materia o nombre geográfico como elemento de entrada Alimentos
Subdivisión general Procesados
9 (RLIN) 153627
650 ## - PUNTO DE ACCESO ADICIONAL DE MATERIA--TÉRMINO DE MATERIA
Término de materia o nombre geográfico como elemento de entrada Diagrama de flujo i.t. ii. ena. Patronato
9 (RLIN) 153628
901 ## - ELEMENTOS DE DATOS A LOCAL LDA (RLIN)
a 664.8 M6
902 ## - ELEMENTOS DE DATOS B LOCAL, LDB (RLIN)
a M
905 ## - ELEMENTOS DE DATOS E LOCAL, LDE (RLIN)
a 0000001977 sp A 0000000000spa00
942 ## - ELEMENTOS DE PUNTO DE ACCESO ADICIONAL (KOHA)
Tipo de ítem Koha Libro
Fuente del sistema de clasificación o colocación Dewey Decimal Classification
Holdings
Estado de retiro Estado de pérdida Fuente del sistema de clasificación o colocación Estado dañado No para préstamo Código de colección Localización permanente Ubicación/localización actual Fecha de adquisición Información codificada de la localización en otra ubicación Total de préstamos Signatura topográfica completa Código de barras Fecha visto por última vez Número de copia Precio válido a partir de Tipo de ítem Koha
    Dewey Decimal Classification     General Ingenieria Agroindustrial Ingenieria Agroindustrial 18/01/2022 1   664.8 m6 dia_1066 18/01/2022 1 18/01/2022 Libro